000 00783nam a2200241Ia 4500
003 OSt
005 20220923221816.0
006 a|||||r|||| 00| 0
007 ta
008 220922b |||||||| |||| 00| 0 hin d
024 _a200,212
037 _cTextual
040 _aARTS
_cARTS
_bhin
041 _2hin
_ahin
082 _aQ3:R, 152L3-;1
100 _aमेहता, मोहनलाल
_9156279
245 0 _aजैन धर्म दर्शन
246 _aJain dharma darshana
260 _aवाराणसी
_b पार्श्वनाथ विधाक्षक शोध संस्थान
_c1973
300 _a605i`-0
_ccm.
942 _hQ3:R, 152L3-;1
_cTEXL
_2CC
999 _c351884
_d351884